000 00746nam a22002177a 4500
003 UA-OsUOA
001 43960
007 ta
008 20070131b un ||||| |||| 00| 0 ukr d
100 _aПовідомлення Головного управління статистики у Рівненській області
090 _a330(477)
_bП-11
942 _cSA
040 _aUA-OsUOA
_bukr
_cUA-OsUOA
_dUA-OsUOA
245 _aСоціально-економічне становище Рівненської області за 2006 рік
300 _aС.4
955 _a0
041 _aukr
080 _a330(477)
773 0 _w43959
_tВільне слово
_dРівне
_d2007
_g9
650 7 _a330 Економіка взагалі
_2UDC
999 _c330079
_d330079